Skyrim Trivia Quiz - Statistics

General Stats
  • This quiz has been taken 250 times
  • The average score is 8 of 15
Answer Stats
Hint Answer % Correct
How many Stormcloaks were executed at Helgen? One
88%
What is the name of the tallest mountain in Tamriel? Throat of the World
86%
How many holds are there in Skyrim? Nine
75%
Where do you find the Dragonstone? Bleak Falls Barrow
68%
Redguards start out with a +10 bonus to what skill? One-Handed
61%
Which type of Mer is not a playable race? Falmer
55%
Who is the vampire you meet in Dimhollow Crypt? Serana
55%
If the Imperials take control of the Rift, who becomes the Jarl? Maven Black-Briar
54%
Who is the Legate that served in the Legion alongside Ulfric and Galmar? Rikke
52%
Who is the right-hand man to the leader of the Rebellion? Galmar Stone-Fist
50%
Which Daedric Prince gives you the Ebony Mail? Boethiah
43%
Who is the current Emperor of Tamriel? Titus Mede
43%
Who was the first Greybeard? Jurgen Windcaller
38%
Which Sneaking perk gives you a fifteen times damage bonus with daggers? Assassin's Blade
18%
What is the name of the throne in Understone Keep? The Mournful Throne
6%
No matching quizzes found
Score Distribution
Percent of People with Each Score
Percentile by Number Answered
Your Score History
You have not taken this quiz